Every Song by the Yardbirds - Statistics

General Stats
  • This quiz has been taken 11 times
  • The average score is 5 of 51
Answer Stats
Album Song % Correct
For Your Love(1965) For Your Love
100%
Little Games(1967) Little Games
73%
Roger the Engineer(1966) Over Under Sideways Down
64%
Having a Rave Up with the Yardbirds(1965) Still I'm Sad
55%
Having a Rave Up with the Yardbirds(1965) Heart Full of Soul
45%
Having a Rave Up with the Yardbirds(1965) Evil Hearted You
36%
Having a Rave Up with the Yardbirds(Bonus)(1965) Shapes of Things
36%
For Your Love(1965) Got to Hurry
27%
Birdland(2003) Happenings Ten Years Time Ago
18%
Yardbirds '68(2017) Avron Knows
9%
Little Games(1967) Drinking Muddy Water
9%
For Your Love(1965) I'm Not Talking
9%
Roger the Engineer(1966) Jeff's Boogie
9%
Ultimate!(2001) Knowing
9%
Roger the Engineer(1966) Lost Woman
9%
Birdland(2003) Mr. Saboteur
9%
Ultimate!(2001) Psycho Daisies
9%
Roger the Engineer(1966) The Nazz are Blue
9%
Little Games(1967) White Summer
9%
Birdland(2003) An Original Man (A Song for Keith)
0%
Birdland(2003) Dream Within a Dream
0%
Roger the Engineer(1966) Ever Since the World Began
0%
Roger the Engineer(1966) Farewell
0%
Little Games(1967) Glimpses
0%
Roger the Engineer(1966) He's Always There
0%
Ultimate!(2001) Honey in Your Hips
0%
Roger the Engineer(1966) Hot House of Omagararshid
0%
For Your Love(1965) I Ain't Done Wrong
0%
For Your Love(1965) I Ain't Got You
0%
Roger the Engineer(1966) I Can't Make Your Way
0%
Little Games(1967) Little Soldier Boy
0%
Yardbirds '68(2017) My Baby
0%
Birdland(2003) My Blind Life
0%
Birdland(2003) Mystery of Being
0%
Having a Rave Up with the Yardbirds(Bonus)(1965) New York City Blues
0%
Little Games(1967) No Excess Baggage
0%
Little Games(1967) Only the Black Rose
0%
Birdland(2003) Please Don't Tell Me 'Bout the News
0%
For Your Love(1965) Putty (In Your Hands)
0%
Ultimate!(2001) Puzzles
0%
Roger the Engineer(1966) Rack My Mind
0%
Little Games(1967) Smile on Me
0%
Yardbirds '68(2017) Spanish Blood
0%
Little Games(1967) Stealing Stealing
0%
Ultimate!(2001) Steeled Blues
0%
Yardbirds '68(2017) Taking a Hold on Me
0%
Ultimate!(2001) Think About It
0%
Little Games(1967) Tinker, Tailor, Soldier, Sailor
0%
Roger the Engineer(1966) Turn into Earth
0%
Roger the Engineer(1966) What Do You Want
0%
Having a Rave Up with the Yardbirds(1965) You're a Better Man Than I
0%
No matching quizzes found
Score Distribution
Percent of People with Each Score
Percentile by Number Answered
Your Score History
You have not taken this quiz